000
00295nam a2200121Ia 4500
008
240624s9999 xx 000 0 und d
041
_a
eng
082
_a
658.4052 HUT
100
_a
HUTSON DON
245
_a
ONE MINUTE NEGOTIATOR
260
_c
2011
_a
New Delhi
_b
Tata McGraw-Hill
365
_c
RS
_b
33
999
_c
26144
_d
26144